• 首页
  • 本馆介绍
  • 公告通知
  • 最新文献
  • 馆藏检索
  • 电子资源
  • 读者导购
  • 参考咨询
  • 我的图书馆
  • 登录
  • 详细信息显示
  • 放入我的书架
  • 预约/预借图书
  • 作者相关作品
  • 分类相关作品
  • 丛书相关作品
  • 出版社相关作品

书目信息

  • 表格格式
  • 工作单格式
  • 卡片格式
题名:
爱因斯坦文集
    
 
作者: ;许良英 编译
分册: 第三卷  
出版信息: 北京   商务印书馆  1979
页数: 654页
开本: 20cm
丛书名:
单 册:
中图分类: N53 , I712.11
科图分类:
主题词: 文学
电子资源:
ISBN:
000 00766nam0 2200253 450
001 1559848854
005 20150129163749.61
010    @b精装@dCNY2.55
091    @a2017.212
100    @a19950725d1979 em y0chiy0110 ea
101 1  @achi@cger
102    @aCN@b110000
105    @ay z 000yy
200 1  @a爱因斯坦文集@9ai yin si tan wen ji@h第三卷@f(德)爱因斯坦(E.Ainstein)著@g许良英等编译
210    @a北京@c商务印书馆@d1979
215    @a654页@d20cm
600  1 @a爱因斯坦@c(Einstein, Albert@f1879~1955)@x文集
600  1 @2CT@3S000586@a爱因斯坦@c(Einstein, Albert@f1879~1955)
606 0  @a文学
690    @aN53@v5
690    @aI712.11@v4
711 02 @a许良英@9xu liang ying@c(1920~)@4编译
801  0 @aCN@bTSSF@c20150129
905    @aZUCC@dI712.11@eJY4:3
    
    爱因斯坦文集.第三卷/(德)爱因斯坦(E.Ainstein)著/许良英等编译.-北京:商务印书馆,1979
    654页;20cm
    
    
    ISBN (精装):CNY2.55
    
●
相关链接 在E读中查询图书 在五车中查询图书 在当当中查询图书 在豆瓣中查询图书


正题名:爱因斯坦文集     索取号:I712.11/JY4:3         预约/预借

序号 登录号 条形码 馆藏地/架位号 状态 备注
1 7844676   278446763   学院路分馆/ [索取号:I712.11/JY4:3] 在馆    
唐山师范学院图书馆 欢迎您!
大连网信软件有限公司© 版权所有